| 000 | 00368nam a2200145Ia 4500 | ||
|---|---|---|---|
| 003 | OSt | ||
| 005 | 20240916164319.0 | ||
| 008 | 170524s9999 xx 000 0 und d | ||
| 020 | _a1292314966 | ||
| 040 | _ciimt university meerut | ||
| 100 | _aKELLER- KEVIN LANE | ||
| 245 | 0 | _aBUILDING- MEASURING AND MANAGING BRAND EQUITY | |
| 260 | _bPHI NEW DELHI | ||
| 942 |
_2ddc _c02 |
||
| 999 |
_c8091 _d8091 |
||